000
00263nam a2200109Ia 4500
008
220204s9999 xx 000 0 und d
082
_a
82-3MB
_b
WIN
100
_a
Winspear, Violet
245
0
_a
Dearest demon
260
_a
London
_b
Mills and Boon
_c
1975
942
_c
BK
999
_c
33202
_d
33202